Missing Word: Art II Quiz Stats

 Plays Quiz not verified by Sporcle

Also try: Missing Word: Art
Challenge
Share
Tweet
Embed
Score 0/20 Timer 04:00
0 Plays Today
Work of Art Missing Word % Correct
The ____ SupperLast
95.8%
______ NightStarry
90.3%
The ______Scream
85.1%
The Creation of ____Adam
72.5%
The Adoration of the ____Magi
71.5%
Dance at Le ____ de la GaletteMoulin
68.2%
___ Desmoiselles d'AvignonLes
66.4%
The ______ of Earthly DelightsGarden
63.8%
____ Dancers in the WingsBallet
61.9%
A Sunday Afternoon on the Island of La ______ JatteGrande
59.3%
Work of Art Missing Word % Correct
The _____ of MaratDeath
58.3%
Allegoria della ____Primavera
57.7%
Portrait of the ____Artist
56.1%
Raft of the ______Medusa
53.5%
The Arnolfini ________Portrait
51.7%
_______ Leading the PeopleLiberty
51%
Sleeping ____Gypsy
49.8%
Christ of Saint John of the ____Cross
49.1%
__________, SunriseImpression
36.7%
I and the _______Village
15.8%

You're not logged in!

Compare scores with friends on all Sporcle quizzes.
Join for Free
OR
Log In

You Might Also Like...

Show Comments

Extras

Top Quizzes Today


Score Distribution

Your Account Isn't Verified!

In order to create a playlist on Sporcle, you need to verify the email address you used during registration. Go to your Sporcle Settings to finish the process.

Report this User

Report this user for behavior that violates our Community Guidelines.

Details: